Dictionary of architecture, building construction and materials. volume 2 English-German (Record no. 94803)

MARC details
000 -LEADER
fixed length control field 00505cam a2200181 4500
001 - CONTROL NUMBER
control field D1810
008 - FIXED-LENGTH DATA ELEMENTS--GENERAL INFORMATION
fixed length control field 090401t1976 xxu||||| |||| 00| 0 eng d
035 ## - SYSTEM CONTROL NUMBER
System control number (Sirsi) u65952
041 ## - LANGUAGE CODE
Language code of text/sound track or separate title eng
050 ## - LIBRARY OF CONGRESS CALL NUMBER
Classification number 690.03
100 ## - MAIN ENTRY--PERSONAL NAME
Personal name Bucksch, Herbert
245 ## - TITLE STATEMENT
Title Dictionary of architecture, building construction and materials. volume 2 English-German
260 ## - PUBLICATION, DISTRIBUTION, ETC.
Place of publication, distribution, etc. Plymouth / Berlin
Name of publisher, distributor, etc. Macdonald and Evans / Bauverlag
Date of publication, distribution, etc. 1976
300 ## - PHYSICAL DESCRIPTION
Extent 1146p. 21cm
350 ## - PRICE (NR) (BK AM CF MU VM SE) [OBSOLETE]
Price 58.5
942 ## - ADDED ENTRY ELEMENTS (KOHA)
Suppress in OPAC 0
948 ## - LOCAL PROCESSING INFORMATION (OCLC); SERIES PART DESIGNATOR (RLIN)
c (OCLC) 04/03/1997
Holdings
Withdrawn status Lost status Source of classification or shelving scheme Damaged status Not for loan Home library Current library Shelving location Date acquired Cost, normal purchase price Total Checkouts Full call number Barcode Date last seen Copy number Cost, replacement price Price effective from Koha item type
    Dewey Decimal Classification     London London Books 14/09/1999 58.50   690.03 30011996 06/08/2019 1 58.50 06/08/2019 Reference material